000 00586nam a2200193Ia 4500
003 IN-BaIIA
008 211028s9999 xx 000 0 eng d
020 _a0333-9097-1
040 _cIIA Library
080 _a519.68
_bBAL
100 _aBalaguruswamy, E.
_921091
245 0 _aCOBOL programming
_ba self-study text
_cE. Balaguruswamy
260 _aMadras
_bMacmillan
_c1989
300 _axii, 484p.
490 _aMacmillan Series in Computer Science
650 _aCOBOL programming
_921092
650 _aComputer programming
942 _cBK
999 _c12104
_d12104